000 01493cam a22004574i 4500
003 PE-LiUPU
005 20250731172922.0
008 150623s1990 tnu rb 000 0 eng d
020 _a0687047447
035 _a(Sirsi) i9780687047444
040 _aPE-LiUPU
_bspa
_cPE-LiUPU
_erda
049 _aPRUA
082 0 4 _a251
_bM66
_221
100 1 _aMitchel, Henry H.l,
_eautor.
245 1 0 _aCelebration and experience in preaching /
_cHenry H. Mitchell.
264 1 _aNashville, TN :
_bAbingdon press,
_c1990.
300 _a155 páginas ;
_c22 centímetros
336 _atext
_2rdacontent
337 _aunmediated
_2rdamedia
338 _avolume
_2rdacarrier
504 _aIncluye bibliografía.
505 0 _aConcerning holistic preaching -- The genres of preaching -- Some conclusions.
526 _aSEG42
526 _aSEG41
526 _aSEG40
526 _aSEG39
526 _aP94
526 _aP87
526 _aP86
526 _aP85
526 _aP77
526 _aP76
526 _aP35
650 0 4 _aPredicación.
942 _2ddc
_cBOOK
949 _a251 M66
_wDEWEY
_c1
_i43779
_lCCODEBUL1
_mBUL
_r0
_sY
_tBOOK
_u2015-6-24
_xTEOLOGIA
_PP35
_0COMPRA
_o.STAFF. Colección Teología
994 _aC0
_bPEPRU
596 _a1
999 _a251 M66
_wDEWEY
_c20182
_i43779
_f2021-11-10
_g5
_lCCODEBUL1
_mBUL
_p18.00
_r0
_sY
_tBOOK
_u2015-6-24
_xTEOLOGIA
_PP35
_0COMPRA
_o.STAFF. Colección Teología
_d20182
980 _81
_gALBERTO SANCHEZ Responsable de Automatización